| 000 -ლიდერი |
| ფიქსირებული სიგრძის საკონტროლო ველი |
01252nam a2200277Ia 4500 |
| 001 - საკონტროლო ნომერი |
| საკონტროლო ველი |
23391 |
| 003 - საკონტროლო ნომრის იდენტიფიკატორი |
| საკონტროლო ველი |
GE_BSU |
| 005 - ბოლო ოპერაციის თარიღი და დრო |
| საკონტროლო ველი |
20260114211648.0 |
| 008 - ფიქსირებული სიგრძის მონაცემთა ელემენტები - ზოგადი ინფორმაცია |
| ფიქსირებული სიგრძის საკონტროლო ველი |
181216s1979||||ge |||||||||||||| ||geo|| |
| 040 ## - კატალოგიზაციის წყარო |
| Transcribing agency |
GE_BSU |
| 041 ## - ენის კოდი |
| Language code of text/sound track or separate title |
geo |
| 080 ## - უნივერსალური ათობითი კლასიფიკაციის ინდექსი |
| Universal Decimal Classification number |
94(479.22)"04 ლ-85 |
| 100 ## - მთავარი ჩანაწერი - პიროვნების სახელი |
| Personal name |
ლორთქიფანიძე, მარიამ |
| 9 (RLIN) |
26687 |
| 245 ## - ცნობა სათაურის შესახებ |
| Title |
ქართლი მე- V საუკუნეის მეორე ნახევარში / |
| Statement of responsibility, etc |
მარიამ ლორთქიფანიძე ; რედ.: გ.მამულია. |
| 264 ## - წარმოების, გამოცემის, დისტრიბუციის და სხვა ცნობები |
| გამოცემის, წარმოების, დისტრიბუციის... ადგილი |
თბილისი : |
| გამოცემის, წარმოების, დისტრიბუციის... სახელწოდება |
მეცნიერება, |
| გამოცემის, წარმოების, დისტრიბუციის... თარიღი |
1979. |
| 300 ## - ფიზიკური აღწერა |
| Extent |
131 გვ. ; |
| Dimensions |
21სმ. |
| 500 ## - ზოგადი შენიშვნა |
| General note |
საძიებელი გვ.:125 ; შენიშვნ.გვ.; 114 |
| 520 ## - SUMMARY, ETC. |
| Summary, etc |
რეზიუმე გვ. :100 |
| 653 ## - INDEX TERM--UNCONTROLLED |
| Uncontrolled term |
ისტორია |
| 653 ## - INDEX TERM--UNCONTROLLED |
| Uncontrolled term |
ისტორიული მეცნიერებანი |
| 653 ## - INDEX TERM--UNCONTROLLED |
| Uncontrolled term |
საქართველოს ისტორია |
| 653 ## - INDEX TERM--UNCONTROLLED |
| Uncontrolled term |
ქართლი მე- V საუკუნეის მეორე ნახევარში |
| 700 ## - ADDED ENTRY--PERSONAL NAME |
| Personal name |
მამულია, გ. |
| Relator term |
რედაქტორი |
| 9 (RLIN) |
26688 |
| 942 ## - ADDED ENTRY ELEMENTS (KOHA) |
| Koha item type |
წიგნი |
| Source of classification or shelving scheme |
|